000 00298nam a2200133Ia 4500
100 _aPriel/V.Z
942 _cBK
654 _aOrganisation
245 _aSystematic Maintenance Organisation
260 _bMacdonald & Evans Ltd
_aLondon
_c1974
082 _a658
300 _a274
546 _aENGLISH
999 _c28672
_d28672